000 00204 a2200109 4500
020 _a761553917206
041 _aspa
100 _aSoto;Gary
245 _aEl viejo y su puerta
942 _cBK
952 _71
999 _c20180
_d20180